ბათუმის შოთა რუსთაველის სახელმწიფო უნივერსიტეტის ბიბლიოთეკა

Чтение монтажных чертежей. (ბიბ.ჩანაწერი № 41305)

000 -LEADER
fixed length control field 00566nam a2200205Ia 4500
001 - CONTROL NUMBER
control field 7962
003 - CONTROL NUMBER IDENTIFIER
control field GE_BSU
008 - FIXED-LENGTH DATA ELEMENTS--GENERAL INFORMATION
fixed length control field 181216s||||||||xx |||||||||||||| ||und||
040 ## - CATALOGING SOURCE
Transcribing agency GE_BSU
080 ## - UNIVERSAL DECIMAL CLASSIFICATION NUMBER
Universal Decimal Classification number 744
100 ## - MAIN ENTRY--PERSONAL NAME
Personal name Кичихин,Н.Н.
245 ## - TITLE STATEMENT
Title Чтение монтажных чертежей.
250 ## - EDITION STATEMENT
Edition statement 2-е изд. перераб. и дополн.
260 ## - PUBLICATION, DISTRIBUTION, ETC.
Place of publication, distribution, etc. М.
260 ## - PUBLICATION, DISTRIBUTION, ETC.
Name of publisher, distributor, etc. Стройиздат.
260 ## - PUBLICATION, DISTRIBUTION, ETC.
Date of publication, distribution, etc. 1975.
300 ## - PHYSICAL DESCRIPTION
Extent 215 стр. 20 см. с илл.
653 ## - INDEX TERM--UNCONTROLLED
Uncontrolled term Чтение монтажных чертежей.
942 ## - ADDED ENTRY ELEMENTS (KOHA)
Koha item type წიგნი
ეგზემპლარები
Withdrawn status Lost status Damaged status Not for loan Date acquired Barcode Date last seen Price effective from Koha item type
        2018-12-17 10198 2018-12-17 2018-12-17 წიგნი